Statistics for Top 15 Teams With The Most College World Series Finals Wins

Click here to take the quiz!

General Stats

  • This quiz has been taken 216 times
  • The average score is 8 of 15

Answer Stats

HintAnswer% Correct
6Texas
89%
12USC
85%
6LSU
82%
4Arizona
66%
4Miami
64%
2Oklahoma
64%
3Oregon State
64%
5Arizona State
58%
2Michigan
56%
2Stanford
55%
2South Carolina
51%
4Cal State Fullerton
45%
3Minnesota
28%
2California
27%
1Holy Cross
12%

Score Distribution

Percentile by Number Answered

Percent of People with Each Score

Your Score History

You have not taken this quiz